000 00618nam a2200181Ia 4500
008 100920s9999 xx 000 0 und d
082 _b103209
_a891.43 न 06
100 _aअनु:सिंघल यश.
245 _aजीवन क्या है भाग 1.
260 _bकमल पुस्तक केेंद्र,दिल्ली.
_c2006
300 _a112
_bसाधी
365 _b190
520 _aहिंदी.
630 _aजीवन क्या है भाग 1.
650 _aहिंदी.
730 _aजीवन क्या है भाग 1.
942 _cBOOK
999 _c743641
_d743638